000 00356nam a2200145Ia 4500
008 230312s9999||||xx |||||||||||||| ||und||
082 _a658.5
_bMUH
100 _aAlan Muhlemann , John Oakland
245 0 _aProduction & Operations Management
260 _bKhanani & Kalia
_c2005
300 _a166
546 _aEng.
650 _aManagement
942 _cBK
999 _c434
_d434